000 nam a22 7a 4500
999 _c9303
_d9303
008 180125b ||||| |||| 00| 0 eng d
100 _aFutehally.L.
_95559
245 _aOur Environment
260 _aNew Delhi
_bNational
_c1988